Quiz o FC Barcelonie - Statystyki

Ogólne statystyki
  • Ten quiz został rozwiązany 222 razy
  • Średni wynik to 7 z 15
Statystyki odpowiedzi
Zagadnienie Odpowiedź % Poprawnych
Jak nazywa się główny stadion FC Barcelony? Camp Nou
88%
W którym roku został założony klub? 1899
85%
Ile FC Barcelona wygrała Champions League? 5
84%
Który podanych piłkarzy nie grał w FC Barcelonie? Casillas
72%
Jaką nazwę nosi szkółka piłkarska FC Barcelony? La Masia
72%
Jak nazywa się hymn FC Barcelony? El Cant del Barça.
67%
Kto założył FC Barcelone? Joan Gamper
56%
Który z tych herbów to pierwszy herb FC Barcleony?
49%
Który piłkarz FC Barcelony był znany jako "Fenomeno"? Ronaldo Nazario
38%
Ile FC Barcelona zdobyła pucharów w Hiszpani? (czyli: Puchar Króla, LaLiga, Superpuchar) 70
31%
Który piłkarz FC Barcelony jest rekordzistą pod względem liczby rozegranych meczów? Xavi
15%
Ile FC Barcelona zdobyła Złotych Piłek? 16
12%
W którym roku FC Barcelona zdobyła swój pierwszy europejski puchar? 1979
11%
Jak nazywa się słynny turniej młodzieżowy organizowany przez FC Barcelonę? MIC (Mediterranean International Cup)
8%
Ile Brazylijczyków gra lub grało w FC Barcelonie? 40
3%
Nie znaleziono quizów pasujących do podanych kryteriów
Rozkład punktacji
Procent ludzi z każdym wynikiem
Percentyl według liczby udzielonych odpowiedzi
Twoja historia wyników
Nie rozwiązałeś tego quizu